000 00732nam a2200181Ia 4500
003 GCL
008 140319s9999 xx 000 0 ara d
040 _aGCL /
_cGCL
082 0 4 _aد
_b050
_bم م
245 1 0 _aالمستقبل العربى ( فبراير 2006 - العدد 324 )
260 _aبيروت :
_bمركز دراسات الوحدة العربية ،
_c2006
650 0 4 _aالعلاقات الدولية
650 0 4 _aالارهاب الدولى
650 0 4 _aالولايات المتحدة الامريكية - العلاقات الخارجية
650 0 4 _aالولايات المتحدة الامريكية - الجاليات العربية
650 0 4 _aالعراق - الامن القومى
942 _2ddc
_cCR
999 _c8477
_d8477